Teología de la liberación: perspectivas

Wedi'i Gadw mewn:
Manylion Llyfryddiaeth
Prif Awdur: Gutiérrez Merino, Gustavo (Awdur)
Fformat: Llyfr
Iaith:Sbaeneg
Cyhoeddwyd: Salamanca Sígueme 2009
Rhifyn:18a. ed
Cyfres:Verdad e Imagen, 120
Pynciau:
Tagiau: Ychwanegu Tag
Dim Tagiau, Byddwch y cyntaf i dagio'r cofnod hwn!

MARC

LEADER 00000cam a2200000 a 4500
001 UCC1838
003 CL-VaPUC
008 171201e20090000sp |||||||||||||||||spa|d
020 |a 9788430104826 
082 0 4 |a 261.8  |b GUT  |2 21 
100 |a Gutiérrez Merino, Gustavo  |e author  |9 480704 
245 1 0 |a Teología de la liberación: perspectivas 
250 |a 18a. ed 
300 |a 350 p 
942 |c BK 
945 |d 20171201 13:56:00  |a dcastane 
260 |a Salamanca  |b Sígueme  |c 2009 
650 0 |a Teología social  |9 326726 
650 0 |a Iglesia Católica  |9 256114 
650 0 |a Problemas sociales  |9 258537 
583 |a last modification  |c 20171201 13:56:00  |k Rodrigo Vera 
490 0 |a Verdad e Imagen, 120 
999 |c 370187  |d 370185 
952 |0 0  |1 0  |3 erd  |4 0  |6 261_800000000000000_GUT_2009  |7 0  |8 A  |9 486517  |a BIBTEO  |b BIBTEO  |i 5439809  |o 261.8 GUT 2009  |p 5439809  |r 2025-01-17  |w 2019-11-24  |y BK  |z Catalogado en:20171201  |k ICR